|
|
|
|
| LEADER |
00706nam a2200217 a 4500 |
| 001 |
000390813 |
| 003 |
CZ BrMZK |
| 005 |
20210617101455.0 |
| 007 |
ta |
| 008 |
040716s1986 lv f |||| 0 rus d |
| 040 |
|
|
|a BOA001
|b cze
|
| 080 |
|
|
|a 577.17:612.82
|2 MRF
|
| 100 |
1 |
|
|a Papsujevič, Oleg Stepanovič
|4 aut
|
| 245 |
1 |
0 |
|a Nejrogipofizarnyje gormony /
|c O.S. Papsujevič, G. I. Čipens, S. V. Michajlova
|
| 260 |
|
|
|a Riga :
|b Zinatne,
|c 1986
|
| 300 |
|
|
|a 279 s.
|
| 700 |
1 |
|
|a Michajlova, Svetlana Vladimirovna
|4 aut
|
| 700 |
1 |
|
|a Čipens, Gunar Ignat‘jevič
|4 aut
|
| 910 |
|
|
|a BOA001
|b 2-0920.890
|
| 990 |
|
|
|a BK
|
| 996 |
7 |
|
|b 2619347859
|c 2-0920.890
|l MZK
|r Sklad / do 1 hodiny
|n 0
|w 000390813
|u 000010
|a 1
|e BOA001
|j MZK50
|s A
|